000 00594nam a2200229Ia 4500
003 OSt
005 20221007074125.0
006 a|||||r|||| 00| 0
007 ta
008 221006b |||||||| |||| 00| 0 eng d
024 _a7,588
037 _cTextual
040 _aFLL
_cFLL
_beng
041 _2eng
_aeng
082 _aX72:Z2, M5
100 _aAiyar A.N. Au.
_9295101
245 0 _aIndian tax law(1985)
260 _aMadras
_bCompant law institute India
_c1985
300 _a919p
_ccm.
942 _hX72:Z2, M5
_cTEXL
_2CC
999 _c1151240
_d1151240